Statistiques concernant Les noms de scène de stars internationales

Cliquez ici pour prendre le quiz!

Statistiques générales

  • Ce quiz a été pris 91 fois
  • Le résultat moyen est 7 sur 28

Statistiques - réponses

IndiceVrai nomSurnom / RéponsesAnnée de naissance% Correct
Chanteuse / ActriceStefani GermanottaLady Gaga1986
86%
Chanteuse / ActriceDemetria Devonne LovatoDemi Lovato1992
67%
ChanteurJason DesrouleauxJason Derulo1989
56%
Chanteuse / ActriceLouise Veronica CicconeMadonna1958
51%
ChanteuseAlicia Augello-CookAlicia Keys1981
49%
ActriceJennifer AnastassakisJennifer Aniston1969
47%
Chanteuse / ActriceRobyn FentyRihanna1988
44%
Chanteuse / ActriceCherilyn Sarkisian La PierreCher1946
37%
ChanteuseKatheryn Elizabeth HudsonKaty Perry1984
34%
ActeurNicholas Kim CoppolaNicolas Cage1964
31%
ActriceDemetria Gene GuynesDemi Moore1962
24%
Chanteur​Abel TesfayeThe Weeknd1990
24%
Chanteuse? Isabel Mebarak RipollShakira1977
21%
ChanteurPeter Gene HernandezBruno Mars1985
20%
ChanteuseBelcalis AlmanzarCardi B1992
19%
ChanteurAubrey GrahamDrake1986
17%
Chanteuse / ActriceDestiny HopeMiley Cyrus1992
13%
ChanteurGordon Matthew Thomas SumnerSting1951
13%
ActriceEmily JeanEmma Stone1988
10%
ActriceNeta-Lee HershlagNatalie Portman1981
10%
ChanteuseAlecia MoorePink1979
10%
Chanteuse? Kate Isobelle FurlerSia1975
9%
ActeurMark Sinclair VincentVin Diesel1967
6%
ChanteuseElla Yelich-O'ConnorLorde1996
4%
ActriceAlicia ChristianJodie Foster1962
3%
ChanteurBrian WarnerMarilyn Manson1969
3%
ActriceLaura JeanneReese Witherspoon1976
3%
ChanteuseEilleen Regina EdwardsShania Twain1965
1%

Distribution des résultats

Percentile par nombre de réponses

% des personnes avec chaque résultat

Votre développement - résultats

Vous n’avez pas pris ce quiz